LEADER 01205nam a2200301 i 4500 001 000000045101 003 CaOOAMICUS 005 20090617000000.0 008 090617s1984 it u000 u ita u 013 $a16271 020 $a88-215-0797-1 040 $aSeMil$bita 100 1 $aSchneider, Burkhart,$c.$0(OLS)http://semarc/name/22459 240 10$aPius XII : friede, das Werk der Gerektigkeit.$0(OLS)http://semarc/title/66957 245 10$aPio 12. :$bpace, opera della giustizia /$cBurckart Schneider. 250 $a2. ed. 260 $aRoma :$bEdizioni Paoline,$c1984. 300 $a115 p. ;$c22 cm. 490 0 $aTempi e figure ;$v1 500 $aFondo Conti. 600 04$aPio XII .$0(OLS)http://semarc/subject/687 830 0$aTempi e figure ;$v1.$0(OLS)http://semarc/title/551 850 $aSeMil 852 $aSeMil$W1$xVenegono$y1$m2A II 335$j11256$B11256$CSeMilBibl$Z2$F11256 $81 961 $aOmaggio: Conti Franco 996 $6020$a88-215-0797-1$9(OLS)http://semarc/number/17173 996 $6245$aPio 12. :$bpace, opera della giustizia$9(OLS)http://semarc/title/66956 996 $6260$aRoma :$bEdizioni Paoline$9(OLS)http://semarc/publisher/29700 LEADER 01144nam a2200241 i 4500 001 000000074126 003 CaOOAMICUS 005 20211130161943.0 008 070410s1945 it u000 u ita u 013 $a45298 040 $aSeMil$bita 100 1 $aUngaretti, Giuseppe,$d<1888-1970>.$0(OLS)http://semarc/name/1569 245 10$a3: Poesie disperse /$cGiuseppe Ungaretti , con l'apparato critico delle varianti di tutte le poesie e uno studio di Giuseppe De Robertis. 264 1$aMilano :$bA. Mondadori,$c1945. 300 $a249 p. ;$c20 cm 700 1 $aDe Robertis, Giuseppe,$d<1888-1963>.$0(OLS)http://semarc/name/1219 773 0 $aUngaretti, Giuseppe <1888-1970>$tVita d'un uomo.$dMilano : Arnoldo Mondadori Editore, 1942-$kSpecchio. I poeti del nostro tempo$g3$w()17583 830 3$aLo specchio. I poeti del nostro tempo.$0(OLS)http://semarc/title/437868 850 $aSeMil 852 $aSeMil$W1$xVenegono$y1$m1B V 33$j40278$B40278$CSeMilBibl$Z2$F40282 $81 996 $6245$a3: Poesie disperse$9(OLS)http://semarc/title/120273 996 $6264$aMilano :$bA. Mondadori$9(OLS)http://semarc/publisher/30308